Methods of teaching physical science / (Record no. 76223)

MARC details
000 -LEADER
fixed length control field 00620nam a22002057a 4500
005 - DATE AND TIME OF LATEST TRANSACTION
control field 20130619115938.0
010 ## - LCCN (DPL NO)
LC control number ENG-107309
020 ## - INTERNATIONAL STANDARD BOOK NUMBER
International Standard Book Number 9788183163293
Terms of availability 900.00
035 ## - SYSTEM CONTROL NUMBER
System control number EN-90842
037 ## - SOURCE OF ACQUISITION
Source of stock number/acquisition DBAD/PUB
082 ## - DEWEY DECIMAL CLASSIFICATION NUMBER
Classification number 530
100 ## - MAIN ENTRY--PERSONAL NAME
Personal name Vanaja, M.
245 ## - TITLE STATEMENT
Title Methods of teaching physical science /
Statement of responsibility, etc by M. Vanaja [and] V. Sudhakar
260 ## - PUBLICATION, DISTRIBUTION, ETC. (IMPRINT)
Place of publication, distribution, etc Hyderabad
Name of publisher, distributor, etc Neelkamal Publications
Date of publication, distribution, etc 2012
270 ## - ADDRESS
Address Sultan Bazar
City Hyderabad
Postal code 500095
300 ## - PHYSICAL DESCRIPTION
Extent xvi,422p.
Dimensions 24cm(Hb)
500 ## - GENERAL NOTE
General note Includes bibliographical references and index
700 ## - ADDED ENTRY--PERSONAL NAME
Personal name Sudhakar, V.
942 ## - ADDED ENTRY ELEMENTS (KOHA)
Source of classification or shelving scheme Dewey Decimal Classification
Item type English Books
Call number suffix VAN
Classification part 530
Holdings
Withdrawn status Lost status Not for loan Collection code Home library Current library Date acquired Source of acquisition Cost, normal purchase price Full call number Barcode Copy number Cost, replacement price Koha item type
    Not For Loan Non-fiction D.B.Act.Division D.B.Act.Division 28/05/2013 DBAD / PUB 900.00 530 VAN EN-90842 1 900.00 English Books

© Delhi Public Library
Hit Counter
free hit counter